00290nam a22000977a 4500008004100000082001500041100002600056245005300082260004900135300000800184230619b xxu||||| |||| 00| 0 eng d a016.9bLSS cLOK Sabha Secretariat aPeriodicals and Newspapers in Parliament Library aNew DelhibLOK Sabha SecretariatcJune, 2009 a67p